Gustav Klimt 1862-1918: el mundo con forma de mujer
Sábháilte in:
| Príomhchruthaitheoir: | |
|---|---|
| Formáid: | LEABHAR |
| Teanga: | Spáinnis |
| Foilsithe / Cruthaithe: |
Colonia
Benedikt Taschen
1998
|
| Ábhair: | |
| Clibeanna: |
Cuir clib leis
Níl clibeanna ann, Bí ar an gcéad duine le clib a chur leis an taifead seo!
|
MARC
| LEADER | 00000nam a2200000 a 4500 | ||
|---|---|---|---|
| 001 | UCL0696 | ||
| 003 | CL-VaPUC | ||
| 008 | 030808e19980000GW |||||||||||||||||spa|d | ||
| 020 | |a 3822873675 | ||
| 082 | 0 | 4 | |a 759.06 |b FLI |2 21 |
| 100 | 0 | |a Fliedl, Gottfried |e author |9 477462 | |
| 245 | 1 | 0 | |a Gustav Klimt 1862-1918: el mundo con forma de mujer |
| 300 | |a 239 p | ||
| 942 | |c BK | ||
| 945 | |d 20030808 00:00:00 |a cmena | ||
| 260 | |a Colonia |b Benedikt Taschen |c 1998 | ||
| 600 | 0 | |a Klimt, Gustav, 1862-1918 |9 474478 | |
| 650 | 0 | |a Pintura moderna |9 265600 | |
| 650 | 0 | |a Mujeres |9 257649 | |
| 650 | 0 | |a Pintores austriacos |9 347295 | |
| 583 | |a last modification |c 20030808 00:00:00 |k Rodrigo Vera | ||
| 999 | |c 304510 |d 304508 | ||
| 952 | |0 0 |1 0 |4 0 |6 759_060000000000000_FLI_1998 |7 0 |8 A |9 366845 |a BIBARQ |b BIBARQ |d 2019-11-21 |i 3931188 |l 1 |o 759.06 FLI 1998 |p 3931188 |r 2025-01-20 |s 2023-10-23 |w 2019-11-21 |y BK |k ARQ | ||